| 000 -LEADER |
| fixed length control field |
01222nam a2200241Ia 4500 |
| 001 - CONTROL NUMBER |
| control field |
18526 |
| 003 - CONTROL NUMBER IDENTIFIER |
| control field |
GE_BSU |
| 008 - FIXED-LENGTH DATA ELEMENTS--GENERAL INFORMATION |
| fixed length control field |
181216s||||||||xx |||||||||||||| ||und|| |
| 020 ## - INTERNATIONAL STANDARD BOOK NUMBER |
| International Standard Book Number |
ISBN 978-9941-23-278-7 |
| 040 ## - CATALOGING SOURCE |
| Transcribing agency |
GE_BSU |
| 080 ## - UNIVERSAL DECIMAL CLASSIFICATION NUMBER |
| Universal Decimal Classification number |
821.111-312.4 |
| 100 ## - MAIN ENTRY--PERSONAL NAME |
| Personal name |
დოილი, ართურ კონან |
| 245 ## - TITLE STATEMENT |
| Title |
შერლოკ ჰოლმსის თავგადასავალი |
| 245 ## - TITLE STATEMENT |
| Statement of responsibility, etc. |
ინგლ. თარგმნა ელგუჯა მაღრაძემ ; რედ.: თამარ გავაშელიშვილი, ლელა ტუღუში ; ილ. ნათია კვარაცხელია ; დიზაინერები: ია მახათაძე, ლადო ლომსაძე |
| 260 ## - PUBLICATION, DISTRIBUTION, ETC. |
| Place of publication, distribution, etc. |
თბილისი |
| 260 ## - PUBLICATION, DISTRIBUTION, ETC. |
| Name of publisher, distributor, etc. |
ბაკურ სულაკაურის გამ-ბ |
| 260 ## - PUBLICATION, DISTRIBUTION, ETC. |
| Date of publication, distribution, etc. |
2015 |
| 300 ## - PHYSICAL DESCRIPTION |
| Extent |
328 გვ; 21 სმ. |
| 653 ## - INDEX TERM--UNCONTROLLED |
| Uncontrolled term |
შერლოკ ჰოლმსის თავგადასავალი |
| 653 ## - INDEX TERM--UNCONTROLLED |
| Uncontrolled term |
შინაარსი: ალისფერი კვალი; ბასკერვილების ძაღლი |
| 942 ## - ADDED ENTRY ELEMENTS (KOHA) |
| Koha item type |
წიგნი |